000 00493nam a2200169 i 4500
001 48936
003 ES-MaACL
005 20230906161841.0
007 t|
008 030702s1945 xxu ||||1| eng d
100 1 _aCoray, Paul.
_940445
245 1 0 _aFive acre hill /
_cby Paul Corey ; illustrated by James MacDonald.
260 _aNew York :
_bWilliam Morrow and comp.,
_c[1945]
300 _a273 p. ;
_c21 cm.
700 1 _aMacDonald, James.
_975117
852 _aES-MaACL
_jC-25154
_bR.54044
999 _c48936
_d48936